| 000 | 00387nam a22001457a 4500 | ||
|---|---|---|---|
| 020 | _a978-0-07-065576-8 | ||
| 082 |
_a651.3 _bAND |
||
| 100 | _aANDREWS, SUDHIR | ||
| 245 | _aTEXT BOOK OF FRONT OFFICE MANAGEMENT & OPRATIONS | ||
| 260 |
_bMC-GRAW HILL PUBLISHER _c2013 |
||
| 300 | _a664 | ||
| 650 | _aOFFICE MANAGEMENT | ||
| 653 | _aFRONT OFFICE, OPRATION MANAGEMENT | ||
| 942 |
_2ddc _cBK _05 |
||
| 999 |
_c8074 _d8074 |
||